000 00314nam a2200133Ia 4500
005 20260328104343.0
008 260328s9999||||xx |||||||||||||| ||und||
100 _aPenela, Alfonso
245 0 _aRectorado /
_cAlfonso Penela
260 _bGrupo San Jose
300 _a50 p.
650 _aARQUITECTOS
942 _cBK
999 _c12177
_d12177